00643nam a22001937a 450000500170000001000150001702000260003203500140005803700130007208200060008510000230009124501300011426000370024427000550028130000230033650000500035970000170040970000230042620170707145650.0 aENG-119195 a9788188966793c350.00 aEN-102727 bDBAD/PUB aN aParsipur,Shahrnush aWomen without men :cby Shahrnush Parsipur ; foreword by Shrin Neshat ;foreword by Fariboun Farrokhba novel of modern Iran / bWomen UnlimitedaNew Delhic2015 a21stKM,Kanakapura Road,UdaypurabBangaloree560082 ax,122p.c20cm(pbk) aIncludes bibliographical references and index aShrin Neshat aFarrokh, Fariboun